Compte general 2009: documentació complementària documentació complementària
Publicado:
Barcelona :
Diputació de Barcelona. Àrea d'Hisenda, Recursos Interns. Intervenció General, [s.a.]
Descripción Física:
3 v. ; quadres, gràf., taules ; 29 cm
Materias:
Finances locals -- Comptabilitat
MARC
| LEADER | 00000nam a2200000Ia 4500 | ||
|---|---|---|---|
| 001 | |||
| 008 | 160829s9999 xx 000 0 cat d | ||
| 080 | |a Bib-34, Bib-150, Bib-151 | ||
| 245 | |a Compte general 2009: |b documentació complementària | ||
| 260 | |a Barcelona : |b Diputació de Barcelona. Àrea d'Hisenda, Recursos Interns. Intervenció General, [s.a.] | ||
| 300 | |a 3 v. ; |c quadres, gràf., taules ; |c 29 cm | ||
| 590 | |a Conté: Vol. 2: memòria demostrativa del grau en què s'han complert els objectius programats; vol. 3: Memòria justificativa del rendiment dels Serveis Públics | ||
| 650 | 0 | |a Finances locals |x Comptabilitat |9 41056 | |
| 710 | |a Barcelona (Catalunya : Província). |b Intervenció General |9 53816 | ||
| 901 | |a Arxiu | ||
| 942 | |n 1 | ||
| 952 | |0 0 |1 0 |4 0 |6 BIB34_BIB150_BIB151 |7 1 |9 55431 |a Arxiu |b Arxiu |d 2016-12-01 |l 0 |o Bib-34, Bib-150, Bib-151 |r 2016-12-01 00:00:00 |w 2016-12-01 |y ARXIU | ||
| 999 | |c 59304 |d 59304 | ||